Statistics for U.S. State Flags - Multiple Choice

Click here to take the quiz!

General Stats

  • This quiz has been taken 48 times
  • The average score is 10 of 13

Answer Stats

QuestionAnswer% Correct
Texas
97%
New Mexico
91%
Arizona
88%
Washington
88%
Arkansas
85%
Wyoming
85%
Idaho
74%
North Dakota
71%
South Carolina
71%
Alabama
68%
Indiana
68%
Mississippi
68%
West Virginia
59%

Score Distribution

Percentile by Number Answered

Percent of People with Each Score

Your Score History

You have not taken this quiz